[Event "Gallarate Ricciardi op"]
[Site "Gallarate"]
[Date "2016.06.21"]
[Round "6"]
[White "Cova, Ennio"]
[Black "Viale, Daniele"]
[Result "0-1"]
[WhiteElo "1641"]
[BlackElo "1878"]
[PlyCount "96"]
[EventDate "2016.05.17"]
[EventType "swiss"]
[EventRounds "6"]
[EventCountry "ITA"]
[SourceTitle "EXT 2018"]
[Source "ChessBase"]
[SourceDate "2017.10.13"]
[SourceVersion "1"]
[SourceVersionDate "2017.10.13"]
[SourceQuality "1"]

1. e4 d5 2. exd5 Nf6 3. Bb5+ Bd7 4. Bxd7+ Qxd7 5. c4 c6 6. dxc6 Qxc6 7. d3 Qxg2 8. Qf3 Qxf3 9. Nxf3 Nc6 10. h3 0-0-0 11. Ke2 h6 12. h4 g6 13. Nc3 Bg7 14. Bf4 Nh5 15. Be3 Rd7 16. Rad1 Rhd8 17. Rd2 a6 18. Nd5 Kb8 19. Bb6 Re8 20. Be3 e5 21. Re1 Nf4+ 22. Bxf4 exf4+ 23. Kf1 Ne5 24. Rde2 Rde7 25. Nxe5 Rxe5 26. Nxf4 Rxe2 27. Nxe2 Bxb2 28. a3 Bf6 29. h5 gxh5 30. Ng3 h4 31. Ne4 Bd4 32. Ke2 Re7 33. Kf3 Re5 34. Kg2 Rf5 35. Rh1 Rf4 36. f3 f5 37. Nf2 Bf6 38. Re1 Rd4 39. Re6 Bg5 40. Kf1 Kc7 41. Ke2 Rd7 42. Re5 Rf7 43. Nh3 Kd6 44. d4 b6 45. Kd3 Kc6 46. Re6+ Kc7 47. Kc3 Bc1 48. Rg6 Re7 0-1

[Event "Gallarate Ricciardi op 18th"]
[Site "Gallarate"]
[Date "2014.06.10"]
[Round "5"]
[White "Cova, Ennio"]
[Black "Viale, Daniele"]
[Result "0-1"]
[WhiteElo "1666"]
[BlackElo "1579"]
[PlyCount "100"]
[EventDate "2014.05.13"]
[EventType "swiss"]
[EventRounds "6"]
[EventCountry "ITA"]
[SourceTitle "EXT 2024"]
[Source "ChessBase"]
[SourceDate "2023.10.10"]
[SourceVersion "1"]
[SourceVersionDate "2023.10.10"]
[SourceQuality "1"]

1. e4 c6 2. d4 d5 3. e5 Bf5 4. Nf3 e6 5. Bd3 Bg6 6. h4 Ne7 7. h5 Bf5 8. Bg5 Bxd3 9. Qxd3 Qb6 10. Nbd2 Nd7 11. Nb3 h6 12. Bd2 c5 13. dxc5 Nxc5 14. Nxc5 Qxc5 15. Nd4 Rc8 16. c3 Nc6 17. Nxc6 Qxc6 18. 0-0 Qc4 19. Qf3 b6 20. b3 Qc7 21. Rfe1 Rg8 22. Qg3 Qd7 23. Bxh6 Rh8 24. Bxg7 Rxh5 25. Bxf8 Kxf8 26. Re3 Qe7 27. Rae1 Rg5 28. Qh3 Ke8 29. Qh7 Qf8 30. g3 Rg7 31. Qh5 Qg8 32. Qf3 Rg6 33. Kg2 Rh6 34. Rh1 Rxh1 35. Kxh1 Qh7+ 36. Kg2 d4 37. cxd4 Rc1 38. Qa8+ Ke7 39. Qb7+ Kf8 40. Qb8+ Kg7 41. Kf3 Qf5+ 42. Kg2 Qh5 43. g4 Qh1+ 44. Kg3 Rg1+ 45. Kf4 Qh2+ 46. Kf3 Qh3+ 47. Ke2 Qxg4+ 48. Kd3 Qd1+ 49. Kc4 Qf1+ 50. Kb4 a5+ 0-1